00688nam a2200181Ia 4500003000900000008004100009020001800050040001600068080002200084245014200106260003600248300001400284650005800298700002700356942000700383999001700390952009900407IN-BaIIA211028s9999 xx 000 0 eng d a0-8243-1553-9 cIIA Library a(05)539.1bANN-53 0aAnnual review of nuclear and particle sciencebvol. 53cedited by Chris Quigg and Vera Luth  aPalo AltobAnnual Reviewsc2003 aix, 512p. aAnnual reviews - Nuclear and particle sciences928739 aLuth, Vera, ed.920134 cBK c15589d15589 00104070aBANbBANcGENd2004-01-17l0o(05)539.1/ ANN-53p16511r2021-11-05w2004-01-17yBK